Представление документа в формате RUSMARC

ПолеНазваниеЗначение
  Тип записи a
  Библиографический уровень m
001 Контрольный номер RU/SLIB/B/208740429
005 Дата корректировки 20201206204054.0
010 Индекс ISBN __
d Цена 0-65
101 Язык документа __
a Язык текста rus
200 Заглавие и сведения об ответственности __
a Заглавие Переплести книгу может каждый
b Общее обозначение материала Текст
205 Сведения об издании __
a Основные сведения об издании 3-е изд., перераб. и доп.
210 Выходные данные __
a Место издания М.
c Издательство Книга
d Дата издания 1980
215 Физическое описание __
a Объем 160 с.
606 Тематические рубрики __
a Основная рубрика Полиграфическая промышленность
606 Тематические рубрики __
a Основная рубрика Брошюровочно-переплетное производство
610 Ключевые слова __
a Ключевые слова книги
686 Индексы других классификаций __
a Классификационный индекс 37.88
700 Автор __
a Фамилия Мазок
b Имя Н. Н.
4 Код отношения 070
801 Источник записи _0
a Страна RU
b Организация Муниципальное бюджетное учреждение культуры "Централизованная библиотечная система" г. Сургут (Центральная городская библиотека им. А. С. Пушкина)
g Правила каталогизации КиК/Елгина
801 Источник записи _1
a Страна RU
b Организация Муниципальное бюджетное учреждение культуры "Централизованная библиотечная система" г. Сургут (Центральная городская библиотека им. А. С. Пушкина)
g Правила каталогизации КиК/Елгина
852 Данные о местонахождении __
j Шифр хранения 37.88
c Каталожный индекс 37.88
i Авторский знак М 13
p Инвентарный номер 4171
901 Тип документа __
t Тип документа m
990 Данные о заказе (DOS) __
j Количество экземпляров (DOS) 2